Tell me : children, reading and talk
Αποθηκεύτηκε σε:
| Κύριος συγγραφέας: | |
|---|---|
| Μορφή: | Βιβλίο |
| Γλώσσα: | English |
| Δημοσίευση: |
South Woodchester :
The Trimble Press,
1993
|
| Θέματα: | |
| Ετικέτες: |
Προσθήκη ετικέτας
Δεν υπάρχουν, Καταχωρήστε ετικέτα πρώτοι!
|
MARC
| LEADER | 00000nam a2200000 i 4500 | ||
|---|---|---|---|
| 001 | 1/95084 | ||
| 008 | 991203s1993 eng d | ||
| 020 | |a 1-875622-09-8 | ||
| 035 | |l 10055137 | ||
| 040 | |a GR-MY-UA |b gre |e aacr | ||
| 041 | 0 | |a eng | |
| 082 | 0 | |a 372.4 | |
| 100 | 1 | |a Chambers, Aidan. | |
| 245 | 1 | 0 | |a Tell me : |b children, reading and talk / |c Aidan Chambers |
| 260 | |a South Woodchester : |b The Trimble Press, |c 1993 | ||
| 300 | |a 127 p. | ||
| 650 | 0 | 0 | |a Reading (Primary) |
| 650 | 0 | 0 | |a Children |x Books and reading. |
| 852 | |a INST |b RHODES |e 19991203 |h 372.4 CHA |p 005400012646 |q 005400012646 |t BK |y 0 | ||
| 901 | |a BIBL4-1999-3 | ||
| 909 | |a Ρ |b 068988 | ||
| 922 | |a 4ΕΛΗ |b 199909 |c ΚΠΣ/154 |d GLORY BOOKS | ||
| 970 | |a ΚΟΥΛΑΚΙΟΤΗ |b ΛΙΤΣΑ |z 1999/12/03 | ||